000 00376nam a2200157Ia 4500
100 _aSingh/D.K
650 _aMechanical Engineering
942 _cBK
366 _f20
654 _amechanical engineering
245 _aMultiple choice questions in Mechanical engineering
260 _bAne Books
_c2012
082 _a621
_bSIN
546 _aENGLISH
_cInfo.Tech
999 _c24063
_d24063